Model používateľa pre identifikáciu

Gespeichert in:
Bibliographische Detailangaben
1. Verfasser: Melicher, Tomáš (Verfasst von)
Weitere Verfasser: Chudá, Daniela (Betreuung Doktorarbeit)
Format: Manuskript Buch
Sprache:Slowakisch
Veröffentlicht: 2016
Schlagworte:
Online-Zugang:http://is.stuba.sk/zp/portal_zp.pl?podrobnosti=119282
Tags: Tag hinzufügen
Keine Tags, Fügen Sie das erste Tag hinzu!

MARC

LEADER 00000ntm a22000003a 4500
001 stuzp59001
003 SK-STU
005 20160719155731.1
007 ta
008 150427s2015----xo-----f-mn---000-0-slo-d
040 |a STU  |b slo 
041 0 |a slo 
100 1 |a Melicher, Tomáš  |u 070200  |k Z4  |4 aut  |U FIIT Fakulta informatiky a informačných technológií  |T FIIT Ústav informatiky, informačných systémov a softvérového inžinierstva  |X 8345  |U I200  |Y 179  |7 A000008345 
242 0 1 |a User model for identification  |y eng 
245 1 0 |a Model používateľa pre identifikáciu 
260 |c 2016 
650 4 |a autentifikácia  |2 slo 
650 4 |a model používateľa  |2 slo 
650 4 |a identifikácia  |2 slo 
650 4 |a user model  |2 eng 
650 4 |a identification  |2 eng 
650 4 |a authentication  |2 eng 
700 1 |a Chudá, Daniela  |u 070200  |k Z1  |4 ths  |U FIIT Fakulta informatiky a informačných technológií  |T FIIT Ústav informatiky, informačných systémov a softvérového inžinierstva  |X 38061  |U I200  |Y 179  |7 000038061 
856 4 |u http://is.stuba.sk/zp/portal_zp.pl?podrobnosti=119282 
996 |b 8185  |c I* DIP 9/2016  |l II680  |s P  |a 0  |w stuzp59001_0001 
SQL |a stuzp59001  |b DDP  |c SLO  |d Model používateľa pre identifikáciu  |e 8345  |f Melicher, Tomáš  |g 070200  |h 38061  |i Chudá, Daniela  |j 20160613  |k 205  |l 07  |m http://is.stuba.sk/zp/portal_zp.pl?podrobnosti=119282  |n I-IS2  |o 9.2.6. informačné systémy